[Event "HCL-C4049"]
[Site "www.playchess.de"]
[Date "2006.01.12"]
[Round "12"]
[White "tusnelda"]
[Black "epenz"]
[WhiteElo "1187"]
[BlackElo "993"]
[PlyCount "61"]
[Result "1-0"]

1.e4 e5 2.Nf3 Nc6 3.Bc4 h6 4.d3 d6 5.Nc3 Nf6 6.O-O 
Be7 7.a3 O-O 8.Nd5 Be6 9.Nxf6+ Bxf6 10.Bxe6 fxe6 
11.Bd2 d5 12.b4 Nd4 13.Nxd4 exd4 14.exd5 Qxd5 
15.Qg4 Bg5 16.Bxg5 hxg5 17.Qg3 e5 18.Rae1 Rae8 
19.Re4 Rf4 20.Rfe1 Rxe4 21.Rxe4 Rf8 22.Qxg5 Qa2 
23.h3 Qxc2 24.Rg4 Rf7 25.Qxe5 Qxd3 26.Rxd4 Qxa3 
27.Rd8+ Rf8 28.Qe6+ Kh7 29.Rxf8 Qxb4 30.Qf5+ Kh6 
31.Rh8+ 1-0

[Event "HCL-C3938"]
[Site "www.playchess.de"]
[Date "2006.01.12"]
[Round "3"]
[White "maodeferro"]
[Black "ShaiMaster"]
[WhiteElo "800"]
[BlackElo "800"]
[PlyCount "64"]
[Result "0-1"]

1.e4 {hi}  e5 2.Nf3 Qf6 {hi!
}  3.d3 Nc6 4.c3 {hi,how are you doing?}  Bc5 
5.Be3 Bxe3 6.fxe3 Nh6 7.h3 b5 8.d4 exd4 9.exd4 b4 
10.e5 Qg6 11.a3 Qg3+ 12.Ke2 Ba6+ 13.Kd2 Qf4+ 
14.Ke1 Bxf1 15.Rxf1 Nf5 16.Qd2 Qe4+ 17.Kf2 Nh4 
18.axb4 Nxf3 19.gxf3 Qh4+ 20.Kg2 a5 21.Re1 Ne7 
22.bxa5 Ra6 23.Re4 Rg6+ 24.Rg4 Rxg4+ 25.fxg4 Ng6 
26.a6 h5 27.a7 hxg4 28.a8Q+ Ke7 29.Qa3+ Ke6 
30.hxg4 Qxg4+ 31.Kf1 Qf3+ 32.Qf2 
Rh1+ 0-1

[Event "HCL-E1530"]
[Site "www.playchess.de"]
[Date "2006.01.12"]
[Round "11"]
[White "Josef"]
[Black "XANDERKIRV"]
[WhiteElo "1608"]
[BlackElo "1519"]
[PlyCount "109"]
[Result "1-0"]

1.d4 d5 2.c4 e6 3.Nf3 Nf6 4.Bg5 h6 5.Bh4 Be7 6.e3 
O-O 7.Nc3 c6 8.Bd3 a6 9.O-O dxc4 10.Bxc4 b5 11.Bd3 
Bb7 12.Rc1 Nbd7 13.Bb1 Rc8 14.Qd3 g6 15.Rfd1 Kg7 
16.Bg3 Nh5 17.Ne4 Nxg3 18.hxg3 Nf6 19.Nc5 Bxc5 
20.Rxc5 Rc7 21.Ne5 Qe8 22.Rdc1 Nd7 23.Nxd7 Qxd7 
24.Qc3 Kh7 25.Qa5 f5 26.a4 Ra8 27.axb5 axb5 
28.Qxb5 Rac8 29.Qd3 Ba8 30.g4 Rb8 31.gxf5 exf5 
32.b3 Re8 33.d5 Rec8 34.dxc6 Qxd3 35.Bxd3 R7xc6 
36.R5xc6 Rxc6 37.Rxc6 Bxc6 38.f4 Bd5 39.b4 Kg7 
40.Kf2 Kf6 41.g3 g5 42.b5 g4 43.b6 Bb7 44.Bc4 Ke7 
45.Ke2 Kd6 46.Bd3 Ke6 47.Bb5 Kd6 {(offering draw)} 
 48.Be8 {sorry, maybe later}  Ke6 49.Kd3 Kd6 
50.Kd4 Be4 51.Bg6 Ke6 52.Be8 Kd6 53.Bf7 Bb7 54.Bh5 
Be4 55.Bxg4 1-0

[Event "HCL-C4025"]
[Site "www.playchess.de"]
[Date "2006.01.12"]
[Round "10"]
[White "Saladin"]
[Black "O_Man"]
[WhiteElo "1418"]
[BlackElo "1156"]
[PlyCount "78"]
[Result "0-1"]

1.b3 d5 2.Bb2 c5 3.e3 e6 4.Nh3 Nf6 5.g3 Nc6 6.Bg2 
Bd6 7.Nc3 a6 8.d3 Qb6 9.f3 d4 10.exd4 cxd4 11.Na4 
Qb4+ 12.c3 dxc3 13.Bxc3 Qb5 14.d4 Bb4 15.Bf1 Bxc3+ 
16.Nxc3 Qb4 17.Rc1 Nxd4 18.Bc4 Nc6 19.O-O O-O 
20.a4 Rd8 21.Qe2 Nd4 22.Qb2 Qc5 23.Kg2 b5 24.Ne4 
Nxe4 25.Bd3 Qh5 26.Bxe4 e5 27.Nf2 Rb8 28.Qa2 f5 
29.Bb1 Qxf3+ 30.Kh3 Qh5+ 31.Kg2 Bb7+ 32.Ne4 fxe4 
33.b4+ Kh8 34.h3 e3+ 35.Kh2 Nf3+ 36.Rxf3 Qxf3 
37.Rg1 Rd2+ 38.Qxd2 exd2 39.Bc2 
Qf2+ 0-1

[Event "HCL-B3820"]
[Site "www.playchess.de"]
[Date "2006.01.12"]
[Round "15"]
[White "PhilipKaveny"]
[Black "Saladin"]
[WhiteElo "1406"]
[BlackElo "1379"]
[PlyCount "61"]
[Result "1-0"]

1.e4 { A proud  name}  d5 {Thanks.Where are you 
from in the USA?Sorry about my english.}  2.exd5 
{Yes I am}  Qxd5 3.Nc3 Qd8 4.d4 Nf6 5.Nf3 Bg4 
6.Be2 c6 7.O-O g6 8.Be3 Bg7 9.h3 Bxf3 10.Bxf3 h5 
11.d5 Na6 12.dxc6 b6 13.c7 Qxd1 14.Raxd1 Rc8 
15.Bb7 Rxc7 16.Bxa6 Bh6 17.Bb5+ Nd7 18.Bxh6 Rxh6 
19.Bxd7+ Rxd7 20.Rxd7 Kxd7 21.Rd1+ Kc6 22.Rd8 e6 
23.Ne4 Kc7 24.Rd2 a5 25.Nf6 g5 26.Rd7+ Kc8 27.Rxf7 
Rh8 28.Rg7 Rd8 29.Rg8 Kc7 30.Rxd8 Kxd8 
31.Nxh5 1-0

[Event "HCL-C3995"]
[Site "www.playchess.de"]
[Date "2006.01.12"]
[Round "8"]
[White "Idris"]
[Black "klm"]
[WhiteElo "895"]
[BlackElo "1028"]
[PlyCount "52"]
[Result "0-1"]

1.e4 e5 2.Nf3 Nc6 3.Bc4 Nf6 4.d3 Bc5 5.O-O O-O 
6.Bd2 d6 7.Nc3 Bg4 8.Nd5 Nd4 9.Bg5 Bxf3 {eine 
Symetrie, die zu stören hoffentlich nicht das 
Chaos bringt ;-)}  10.Nxf6+ {Yes, symmetry does 
bring chaos.}  gxf6 11.gxf3 fxg5 12.f4 exf4 13.f3 
Nxc2+ 14.Kh1 Nxa1 15.Qxa1 Qf6 16.b3 Qxa1 17.Rxa1 
Bd4 18.Rd1 Rfe8 19.Bd5 c6 20.Bxc6 bxc6 21.Rc1 Rec8 
22.a4 a5 23.Rb1 c5 24.h3 h5 25.Kg2 h4 26.Kh2 
Rab8 0-1

[Event "HCL-A2523"]
[Site "www.playchess.de"]
[Date "2006.01.12"]
[Round "11"]
[White "SMA"]
[Black "Wernswig"]
[WhiteElo "1005"]
[BlackElo "1486"]
[PlyCount "61"]
[Result "1-0"]

1.e4 e5 {hi, auf ein schönes spiel}  2.Nc3 Nf6 
3.f4 Nc6 4.fxe5 Nxe5 5.d4 Nc6 6.e5 Ng8 7.Nf3 d6 
8.Bb5 Bd7 9.O-O g6 10.Qe2 Nge7 11.Bxc6 Bxc6 12.Ng5 
Bg7 13.Nxf7 Qd7 14.Nxh8 Bxh8 15.d5 Nxd5 16.exd6+ 
Ne7 17.Bh6 Bd4+ 18.Rf2 Qxd6 19.Rd1 Bxf2+ 20.Qxf2 
O-O-O 21.Rxd6 Rxd6 22.Qf8+ Kd7 23.Bf4 Re6 24.Qb8 
Nf5 25.Qxc7+ Ke8 26.Qxh7 a6 27.Qg8+ Ke7 28.Bg5+ 
Kd6 29.Qf8+ Ke5 30.Qc5+ Bd5 31.Qxd5+ 1-0

[Event "HCL-M872"]
[Site "www.playchess.de"]
[Date "2006.01.12"]
[Round "2"]
[White "Bauarbeiter"]
[Black "slimsboy"]
[WhiteElo "1832"]
[BlackElo "1901"]
[PlyCount "73"]
[Result "1-0"]

1.d4 {Hi. Nice to meet you again.
Good luck.}  f5 {Aloha again, good luck!}  2.c4 
Nf6 3.Nf3 g6 4.Bg5 Bg7 5.e3 O-O 6.Nc3 b6 7.Be2 Bb7 
8.O-O d6 9.Qc2 Ne4 10.Nxe4 Bxe4 11.Qd2 Nd7 12.Rac1 
c5 13.d5 Qe8 14.b3 h6 15.Bh4 Qf7 16.h3 g5 17.Bg3 
f4 {I wish I had a plan here......}  18.exf4 gxf4 
19.Bh2 Kh8 20.Rfe1 Rae8 21.Bd1 Bxf3 22.Bxf3 Be5 
23.Bg4 Red8 {LOL, I missed that completly!}  
24.Be6 Qg7 {Happy New Year!}  25.Qd3 {All the best 
wishes for 2006.}  f3 {The same to you!}  26.g3 
Bd4 27.Bxd7 Rxd7 28.Re6 Rf6 29.Rce1 Be5 30.Rxf6 
Qxf6 31.Re3 Rd8 32.Rxf3 Qg7 33.g4 Bf6 34.Bg3 Rg8 
35.Qf5 Qh7 36.Qxh7+ Kxh7 37.Bxd6 1-0

[Event "HCL-E1541"]
[Site "www.playchess.de"]
[Date "2006.01.12"]
[Round "15"]
[White "XANDERKIRV"]
[Black "yannick"]
[WhiteElo "1499"]
[BlackElo "1613"]
[PlyCount "80"]
[Result "0-1"]

1.e4 {Hello and good luck.}  d6 {same here,good 
tournament}  2.d4 Nf6 3.Nc3 g6 4.h3 Bg7 5.Nf3 O-O 
6.Be3 e5 7.dxe5 dxe5 8.Qxd8 Rxd8 9.Bd3 Nc6 10.a3 
Be6 11.O-O b6 12.b4 a6 13.Rfd1 h6 14.Ne2 g5 15.g4 
Kh8 16.Kg2 Bf8 17.b5 axb5 18.Bxb5 Na7 19.a4 Nxe4 
20.Bd3 Nf6 21.Nxe5 Nc6 22.Nxc6 Bd5+ 23.f3 Bxc6 
24.Bb5 Bb7 25.Rxd8 Rxd8 26.a5 bxa5 27.Rxa5 Nd5 
28.Bf2 Kg7 29.c4 Nb4 30.Ra7 Rb8 31.Bg3 Bd6 32.Nd4 
Bxg3 33.Kxg3 c6 34.Nf5+ Kg6 35.Nd6 cxb5 36.Nxb7 
bxc4 37.Na5 c3 38.Rc7 c2 39.Kf2 c1Q 40.Rxc1 
Nd3+ 0-1

[Event "HCL-C3994"]
[Site "www.playchess.de"]
[Date "2006.01.12"]
[Round "14"]
[White "Bumble"]
[Black "herrDokter"]
[WhiteElo "1201"]
[BlackElo "912"]
[PlyCount "37"]
[Result "1-0"]

1.e4 c5 {good luck}  2.b3 e5 3.Bb2 Nc6 4.Nf3 Nf6 
5.Nc3 Be7 6.Nb5 O-O 7.d3 Qa5+ 8.Nc3 c4 9.dxc4 Bb4 
10.Qd2 d6 11.Be2 Nxe4 12.Qe3 Nxc3 13.O-O Ne7 
14.Ng5 Nf5 15.Qh3 h6 16.Bd3 Nd5 17.Bxf5 Bxf5 
18.Qxf5 f6 19.Qh7+ 1-0

[Event "HCL-T250"]
[Site "www.playchess.de"]
[Date "2006.01.12"]
[Round "4"]
[White "Max"]
[Black "gsmaior"]
[WhiteElo "1545"]
[BlackElo "1976"]
[PlyCount "106"]
[Result "0-1"]

1.e4 c5 2.d4 cxd4 3.c3 dxc3 {greetings from 
Brazil, Rio de Janeiro, a nice game to you !}  
4.Nxc3 {enjoy ... ciao from Milano}  Nc6 5.Nf3 d6 
6.Bc4 e6 7.O-O Nf6 8.Qe2 Be7 9.Rd1 Bd7 10.Bg5 O-O 
11.Rd2 Ne8 12.Bxe7 Qxe7 13.Rad1 a6 14.Nd4 Rc8 
15.a3 Nxd4 16.R2xd4 Qg5 17.e5 d5 18.Bb3 Nc7 19.Rg4 
Qe7 20.Rg3 f6 21.Bc2 Nb5 22.Qh5 f5 23.Rh3 g6 
24.Qh6 Nxc3 25.bxc3 Rc7 26.a4 Rfc8 27.Qd2 R7c4 
28.Bb3 Bxa4 29.Bxc4 Bxd1 30.Qxd1 Rxc4 31.Qb3 Re4 
32.Re3 Rxe3 33.fxe3 Qc7 34.h3 b5 35.Qa3 Qxe5 
36.Qxa6 Qxe3+ 37.Kh1 Qe2 38.Qc8+ Kg7 39.Qc7+ Kh6 
40.Kh2 Qe3 41.Qb8 Qxc3 42.Qxb5 d4 43.Qe5 Qe3 
44.Qc5 e5 45.h4 Qf4+ 46.g3 Qf2+ 47.Kh3 Qg1 48.Qd5 
d3 49.Qf3 d2 50.h5 e4 51.Qf4+ g5 52.Qxf5 Qh1+ 
{congratulations, very good game !}  53.Kg4 {thank 
you for the game ...}  Qxh5+ 0-1

[Event "HCL-B3650"]
[Site "www.playchess.de"]
[Date "2006.01.12"]
[Round "8"]
[White "Genesio"]
[Black "scotty4u"]
[WhiteElo "1071"]
[BlackElo "1295"]
[PlyCount "82"]
[Result "0-1"]

1.d4 {Welcome!}  d6 2.e4 Nc6 3.Nc3 e5 4.Nf3 Bg4 
5.Be2 Nf6 6.O-O h5 7.Bg5 Bxf3 8.Bxf3 Nxd4 9.Re1 
Nxf3+ 10.Qxf3 Be7 11.Rad1 c6 12.Rd3 Qb6 13.b3 Qa5 
14.a4 O-O-O 15.Red1 Qc7 16.Ne2 Ng4 17.Bxe7 Qxe7 
18.Qf5+ Kc7 19.h3 g6 20.Qf3 Qh4 21.Qg3 Qxg3 
22.Nxg3 Nf6 23.c4 Rd7 24.Nf1 Nxe4 25.f3 Nc5 26.Re3 
Re8 27.f4 f6 28.Ng3 Rde7 29.Rde1 Kd7 30.Ne4 Nxe4 
31.R3xe4 f5 32.R4e3 exf4 33.R3xe7+ Rxe7 34.Rxe7+ 
Kxe7 35.Kf2 Ke6 36.Kf3 Ke5 37.b4 b6 38.Ke2 Ke4 
39.Kd2 f3 40.gxf3+ Kxf3 41.Kd3 
g5 0-1

[Event "HCL-B3759"]
[Site "www.playchess.de"]
[Date "2006.01.12"]
[Round "29"]
[White "GMO"]
[Black "dc"]
[WhiteElo "1364"]
[BlackElo "885"]
[PlyCount "25"]
[Result "1-0"]

1.e4 e5 2.Bc4 Bc5 3.Qf3 Nh6 {;-)}  4.d3 g5 5.Qg3 
Qf6 6.Bxg5 Qb6 7.b3 Nc6 8.Bxh6 Rg8 9.Qxg8+ Ke7 
10.Qxf7+ Kd6 11.Bf8+ Ne7 12.Bxe7+ Kc6 
13.Qd5+ 1-0

[Event "HCL-B3791"]
[Site "www.playchess.de"]
[Date "2006.01.12"]
[Round "2"]
[White "Kannsnich"]
[Black "Bense"]
[WhiteElo "1147"]
[BlackElo "1049"]
[PlyCount "81"]
[Result "1-0"]

1.c4 e5 2.Nc3 Nc6 3.Nf3 d6 4.g3 Bg4 5.Bg2 Bxf3 
6.Bxf3 Nf6 7.O-O Nd4 8.Bg2 c6 9.e3 {merry-x-mas}  
Ne6 {Merry Christmas to you also. I hope Santa 
treats you well!}  10.b3 h5 11.h4 g6 12.Bb2 Bg7 
13.Ne2 Ng4 14.d4 Qb6 15.d5 Nc5 16.dxc6 Bf8 17.cxb7 
Nxb7 18.Nc3 Rd8 19.Nd5 Qa5 20.Bc3 Qc5 21.Bb4 Qc6 
22.Nf6+ Ke7 23.Bxc6 Nxf6 24.Bxb7 Ng4 25.Bf3 Nf6 
26.Qc2 Bg7 27.Rad1 Ne8 28.Rd3 f5 29.Bg2 e4 30.Rd5 
Rf8 31.Bc3 Bh6 32.Rfd1 g5 33.hxg5 Bxg5 34.Bh3 Nc7 
35.Rxf5 Rxf5 36.Bxf5 d5 37.cxd5 Nxd5 38.Qxe4+ Kf8 
39.Rxd5 Re8 40.Bb4+ Kf7 41.Rd7+ 1-0

[Event "HCL-E1533"]
[Site "www.playchess.de"]
[Date "2006.01.12"]
[Round "8"]
[White "BohdanL"]
[Black "Abra"]
[WhiteElo "1466"]
[BlackElo "1500"]
[PlyCount "74"]
[Result "0-1"]

1.c4 {Hi, have a nice game}  e5 {Thanks, same to 
you.}  2.Nc3 a6 3.g3 Bc5 4.Bg2 c6 5.Nf3 d6 6.O-O 
h6 7.b3 Nf6 8.d4 exd4 9.Nxd4 O-O 10.e3 Nbd7 11.a3 
Ne5 12.Qc2 Bd7 13.h3 Qc8 14.f4 Ng6 15.f5 Bxd4 
16.fxg6 Bxc3 17.gxf7+ Rxf7 18.Qxc3 Bxh3 19.Qd3 
Bxg2 20.Kxg2 Qe6 21.Bb2 Raf8 22.Bxf6 R7xf6 23.Rxf6 
Rxf6 24.e4 Qe5 25.Ra2 b5 26.Re2 Qc5 27.cxb5 axb5 
28.Qc2 Qxa3 29.Qxc6 Qxb3 30.Rf2 Rxf2+ 31.Kxf2 Qe6 
32.Qxb5 Qe5 33.Qxe5 dxe5 34.Kf3 Kf7 35.g4 Kf6 
36.Kg3 Kg5 37.Kf3 Kh4 0-1

[Event "HCL-B3812"]
[Site "www.playchess.de"]
[Date "2006.01.12"]
[Round "1"]
[White "Crusaders"]
[Black "Bense"]
[WhiteElo "1500"]
[BlackElo "1051"]
[PlyCount "53"]
[Result "1-0"]

1.e4 e5 2.Ne2 f6 3.d4 d6 4.Be3 c6 5.Nbc3 d5 6.dxe5 
dxe4 7.Qxd8+ {Happy New Year 2006 ! Best regards 
Dirk}  Kxd8 {Happy New year to you also!}  
8.O-O-O+ Ke8 9.exf6 Nxf6 10.Ng3 Bb4 11.Ncxe4 Kf7 
12.Bc4+ Ke7 13.c3 Nxe4 14.Nxe4 Ba5 15.Bc5+ Ke8 
16.Nd6+ Kd7 17.Nf7+ Kc7 18.Nxh8 Bf5 19.Nf7 Nd7 
20.Bd6+ Kc8 21.Rhe1 b5 22.Be6 Bxe6 23.Rxe6 g6 
24.Bf4 Nc5 25.Re8+ Kb7 26.Nd6+ Kc7 
27.Rxa8 1-0

[Event "HCL-E1539"]
[Site "www.playchess.de"]
[Date "2006.01.12"]
[Round "10"]
[White "BohdanL"]
[Black "Matu"]
[WhiteElo "1486"]
[BlackElo "1506"]
[PlyCount "87"]
[Result "1-0"]

1.e4 {hi again}  c6 {hi again}  2.d4 d5 3.Nd2 dxe4 
4.Nxe4 Nf6 5.Nxf6+ exf6 6.c3 Bd6 7.Bd3 Qe7+ 8.Ne2 
O-O 9.Qc2 g6 10.h4 Bg4 11.f3 Be6 12.Bh6 Re8 13.h5 
Qc7 14.O-O-O f5 15.hxg6 fxg6 16.b3 Bf8 17.g4 Re7 
18.gxf5 Bxf5 19.Bxf5 Bxh6+ 20.Rxh6 Rxe2 21.Qxe2 
Qf4+ 22.Kb2 Qxh6 23.Qe6+ Kh8 24.Qe5+ Qg7 25.Bc8 
Qxe5 26.dxe5 Na6 27.Bxb7 Re8 28.Bxa6 Rxe5 29.Rd8+ 
Kg7 30.Rd7+ Kh8 31.Rxa7 h5 32.Rc7 Re6 33.Bb7 h4 
34.Rxc6 Re2+ 35.Ka3 Rg2 36.Rc4 Rh2 37.Rg4 Kg7 
38.Be4 Kh6 39.Rxg6+ Kh5 40.Rg8 h3 41.Rh8+ Kg5 
42.b4 Kf4 43.b5 Kg3 44.b6 1-0

[Event "HCL-M861"]
[Site "www.playchess.de"]
[Date "2006.01.12"]
[Round "5"]
[White "TonyP"]
[Black "Tapiwa"]
[WhiteElo "2092"]
[BlackElo "1938"]
[PlyCount "70"]
[Result "1/2-1/2"]

1.d4 {Hi there - hope we have a good game.}  Nf6 
{hi. best wishes to you.}  2.c4 g6 3.Nc3 d5 4.Nf3 
Bg7 5.Qb3 dxc4 6.Qxc4 O-O 7.e4 c6 8.Qb3 Qc7 9.Be2 
Be6 10.Qc2 Nh5 11.e5 c5 12.Nb5 Qd7 13.Qxc5 Rc8 
14.Qa3 Nc6 15.O-O a6 16.Nc3 b5 17.d5 Bxd5 18.Nxd5 
Qxd5 19.Rd1 Qe6 20.Bg5 h6 21.Be3 Nxe5 22.Nxe5 
{Happy New Year!}  Qxe5 {Happy new year to you 
too!}  23.Bf3 Rab8 24.Ba7 Qxb2 25.Qxb2 Bxb2 
26.Rab1 Ba3 27.Bxb8 Rxb8 28.Rd3 Bd6 29.Bxh5 gxh5 
30.h4 Rc8 31.Rbd1 Kg7 32.Kf1 Rc4 33.R3d4 Rc2 
34.R1d2 Rc3 35.R4d3 Rc4 {(offering draw)} 
 1/2-1/2

[Event "HCL-C3961"]
[Site "www.playchess.de"]
[Date "2006.01.12"]
[Round "9"]
[White "Sabsi"]
[Black "pitcher"]
[WhiteElo "1017"]
[BlackElo "800"]
[PlyCount "45"]
[Result "1-0"]

1.e4 e6 2.d4 Qf6 3.e5 Qg6 4.Nf3 Bb4+ 5.c3 Be7 
6.Bd3 Qxg2 7.Be3 b6 8.Nbd2 Qxh1+ 9.Ke2 Qg2 10.Be4 
Nc6 11.d5 exd5 12.Bxd5 Bb7 13.Nf1 Ba6+ 14.c4 f6 
15.Bxc6 dxc6 16.Qd2 Bxc4+ 17.Kd1 Rd8 18.Nd4 c5 
19.Ne2 Rxd2+ 20.Kxd2 fxe5 21.b3 Bb5 22.a4 Bxe2 
23.Kxe2 1-0

[Event "HCL-C3961"]
[Site "www.playchess.de"]
[Date "2006.01.12"]
[Round "6"]
[White "pitcher"]
[Black "garden"]
[WhiteElo "800"]
[BlackElo "1036"]
[PlyCount "74"]
[Result "0-1"]

1.e3 e5 2.Qf3 Nf6 3.b3 d6 4.Bb2 Bg4 5.Qxb7 Nbd7 
6.Ne2 Nc5 7.Qc6+ Nfd7 8.Na3 Rb8 9.O-O-O Rb6 10.Qd5 
Be6 11.Qf3 Qf6 12.Qa8+ Qd8 13.Qxa7 Na6 14.Ng1 Qb8 
15.Qxb8+ Naxb8 16.Nc4 Bxc4 17.Bxc4 Nf6 18.Nf3 Ne4 
19.Rhf1 Be7 20.Bd5 Nf6 21.Bc4 Nbd7 22.Ng5 d5 
23.Bd3 Ng4 24.Nxh7 e4 25.Be2 Nh6 26.Bd4 Rd6 
27.Bxg7 Rxh7 28.Bd4 Nf5 29.Bc3 Rxh2 30.g4 Nh6 
31.a4 Rg6 32.Kb2 Bf6 33.Bxf6 Rxf6 34.g5 Rfxf2 
35.Rxf2 Rxf2 36.gxh6 Rxe2 37.Rh1 
Nf6 0-1

[Event "HCL-C3985"]
[Site "www.playchess.de"]
[Date "2006.01.12"]
[Round "36"]
[White "valpa"]
[Black "Regicide"]
[WhiteElo "1082"]
[BlackElo "958"]
[PlyCount "35"]
[Result "1-0"]

1.b4 e5 2.Bb2 d6 3.e3 a6 4.Nf3 Bg4 5.Be2 Nf6 6.O-O 
Ne4 7.Ne1 Be6 8.Bg4 Qg5 9.Bxe6 fxe6 10.a4 Nxf2 
11.Rxf2 Nd7 12.Nc3 d5 13.Qf3 Bxb4 14.Qf7+ Kd8 
15.Qxe6 Nc5 16.Qxd5+ Nd7 17.Rf7 Bxc3 
18.Qxd7+ 1-0

[Event "HCL-A2436"]
[Site "www.playchess.de"]
[Date "2006.01.12"]
[Round "6"]
[White "Maillard"]
[Black "Herb_CN"]
[WhiteElo "1445"]
[BlackElo "1429"]
[PlyCount "129"]
[Result "1-0"]

1.Nf3 {Bonne partie!}  Nf6 {GL2U}  2.d4 c5 3.Nc3 
cxd4 4.Nxd4 g6 5.e4 d6 6.Bb5+ Bd7 7.Bxd7+ Nbxd7 
8.O-O Bg7 9.Re1 O-O 10.f4 e5 11.Ndb5 Qb6+ 12.Be3 
Qc6 13.Qxd6 Rfc8 14.Qxc6 Rxc6 15.fxe5 Nxe5 16.Rad1 
b6 17.Re2 Nc4 18.b3 Nxe3 19.Rxe3 Ng4 20.Rg3 a6 
21.Rxg4 axb5 22.Nxb5 Rxc2 23.a4 Bf8 24.Rg3 Bc5+ 
25.Kf1 Re8 26.Nd6 Bxd6 27.Rxd6 Rxe4 28.Rxb6 Ree2 
29.Rd6 Ref2+ 30.Kg1 Rca2 31.h3 h5 32.Rd5 Kg7 
33.Rxh5 Rfb2 34.Rh4 Ra3 35.Rb4 Rb1+ 36.Kf2 Ra2+ 
37.Kf3 Rf1+ 38.Ke3 Rc2 39.Kd3 Rff2 40.Rbg4 Rfd2+ 
41.Ke3 Rde2+ 42.Kd3 Red2+ 43.Ke3 Rde2+ 44.Kf4 
Ref2+ 45.Rf3 f5 46.Rgg3 {happy new year!}  Rfxg2 
{and you!}  47.Rxg2 Rxg2 48.Ke5 Re2+ 49.Kd4 Kf6 
50.Re3 Rd2+ 51.Rd3 Rxd3+ 52.Kxd3 Ke5 53.a5 Kd6 
54.Kd4 f4 55.b4 g5 56.b5 Kd7 57.a6 Kc7 58.Kc5 f3 
59.b6+ Kd7 60.a7 f2 61.a8Q f1Q 62.Qd5+ Ke7 
63.Qxg5+ Kf7 64.Qg4 Qf2+ 65.Qd4 1-0

[Event "HCL-B3813"]
[Site "www.playchess.de"]
[Date "2006.01.12"]
[Round "3"]
[White "PhilipKaveny"]
[Black "blue"]
[WhiteElo "1372"]
[BlackElo "858"]
[PlyCount "135"]
[Result "1/2-1/2"]

1.e4 {Deep Blue ?}  c5 {name of a pet bird}  2.f4 
{What Kind}  e6 {parrokeet}  3.Nf3 Nc6 {where r u 
from}  4.Bc4 {Eau Claire WI et vous}  d6 
{sterling, va}  5.f5 h6 6.fxe6 fxe6 7.O-O Nf6 8.d3 
Qe7 9.Nh4 Qf7 10.c3 Bd7 11.d4 cxd4 12.cxd4 Qh5 
13.Qxh5+ Nxh5 14.d5 Ne5 15.dxe6 Nxc4 16.exd7+ Kxd7 
17.Rf7+ Kc6 18.b3 Ne5 19.Rf2 Rc8 20.Bb2 Nf6 
21.Bxe5 dxe5 22.Rc2+ Kd7 23.Rxc8 Kxc8 24.Nd2 Bd6 
25.Rc1+ Kb8 26.Nf5 Bc7 27.Nxg7 Rg8 28.Nf5 h5 29.h3 
a6 30.Ne7 Re8 31.Nd5 Nxd5 32.exd5 Bd6 33.Nc4 Bc5+ 
34.Kh2 Bd4 35.g3 e4 36.Nd6 Re5 37.Rc4 Rxd5 38.Nxe4 
Be5 39.Rc2 Rd3 40.Re2 h4 41.Kg2 hxg3 42.Nc5 
{Yesssssssss Okay  You have Had me flattened for 
the last 30 moves Be very carefull here  I desrve 
you best game}  Rc3 {what r u talking about? youve 
had me on the ropes & now u have me by the short 
hairs!}  43.Rxe5 {No this is one of the hardest 
games I have ver played}  Rc2+ {i doubt that}  
44.Kxg3 {I was really only fighting for a draw.}  
Rxa2 45.h4 Kc7 {your words are kind , but not your 
moves.......ha ha}  46.Re3 {I have played since I 
was 20 in a strange way I owe a lot to chess}  Kb6 
{you play very well,   i  would not mind playing a 
private game ?}  47.Nd7+ {sure  I nearly pushed 
the pawn and lost}  Kb5 48.h5 Ra1 49.Kf4 Rh1 
50.Kg5 Kc6 51.Ne5+ Kb5 52.h6 b6 53.Ng4 a5 54.Re7 
Kb4 55.Re3 b5 56.Re2 Kxb3 57.Rh2 Rd1 58.h7 Rd8 
59.h8Q Rxh8 60.Rxh8 b4 61.Rh3+ Kc4 62.Ne3+ Kb5 
63.Nd1 a4 64.Nc3+ bxc3 65.Rxc3 Kb4 66.Rf3 a3 
67.Kf4 a2 68.Rf1 {(offering draw) Very Good} 
 1/2-1/2

[Event "HCL-M840"]
[Site "www.playchess.de"]
[Date "2006.01.12"]
[Round "12"]
[White "Johan_Matthys"]
[Black "aldo"]
[WhiteElo "1649"]
[BlackElo "1873"]
[PlyCount "102"]
[Result "1/2-1/2"]

1.d4 Nf6 2.c4 g6 3.Nc3 d5 4.cxd5 Nxd5 5.e4 Nxc3 
6.bxc3 Bg7 7.Bc4 c5 8.Nf3 O-O 9.h3 Nc6 10.Be3 cxd4 
11.cxd4 b5 12.Bb3 Bb7 13.Rc1 Na5 14.Qd3 Qd7 15.O-O 
Rfc8 16.Ng5 Nxb3 17.Qxb3 e6 18.Qd3 h6 19.Nf3 a5 
20.Rfd1 b4 21.Nd2 Ba6 22.Rxc8+ Qxc8 23.Qb1 Qd8 
24.Nb3 Bb5 25.d5 exd5 26.Rxd5 Qe8 27.Nxa5 Rxa5 
28.Qxb4 Rxa2 29.Rxb5 Rb2 30.Qxb2 Bxb2 31.Rxb2 Qxe4 
32.Rd2 g5 33.Rd4 Qe5 34.Rd8+ Kh7 35.Bd4 Qe1+ 
36.Kh2 Qe4 37.Rh8+ Kg6 38.Rg8+ Kf5 39.Be3 Qe5+ 
40.Kg1 Qa1+ 41.Kh2 {(offering draw)}  Qe5+ 42.Kg1 
f6 43.Rc8 Kg6 44.Rc5 Qe4 45.Rc1 f5 46.Re1 f4 47.f3 
Qc4 48.Bf2 Kf5 49.Re4 Qc1+ 50.Re1 Qd2 51.Kf1 Qd3+ 
{(offering draw)}  1/2-1/2

[Event "HCL-C3971"]
[Site "www.playchess.de"]
[Date "2006.01.13"]
[Round "6"]
[White "surak"]
[Black "weeich"]
[WhiteElo "1102"]
[BlackElo "800"]
[PlyCount "42"]
[Result "1/2-1/2"]

1.e4 c5 2.Nf3 d6 {Hai!}  3.d4 {hello!}  cxd4 
4.Nxd4 Nf6 {hai!where ou come from?I'm from 
Malaysia,you know where(Asia)?}  5.Nc3 a6 6.a4 e5 
7.Nb3 Be7 8.Be2 O-O 9.Be3 Be6 10.O-O Nc6 11.f4 Rc8 
12.Kh1 exf4 13.Bxf4 Re8 14.Bf3 Ne5 15.Bxe5 dxe5 
16.Qxd8 Rexd8 17.h3 Bxb3 18.cxb3 Bb4 19.Nd5 Nxd5 
20.exd5 Rc2 21.Rab1 Kf8 {(offering draw)} 
 1/2-1/2

[Event "HCL-B3786"]
[Site "www.playchess.de"]
[Date "2006.01.13"]
[Round "7"]
[White "riziotis"]
[Black "Sarek7"]
[WhiteElo "1308"]
[BlackElo "1150"]
[PlyCount "25"]
[Result "1-0"]

1.e4 {good luck}  e6 2.d4 d5 3.e5 c5 4.Nf3 Nc6 
5.Bb5 a6 6.Bxc6+ bxc6 7.Bg5 f6 8.exf6 Nxf6 9.Ne5 
Qc7 10.Bxf6 gxf6 11.Qh5+ Kd8 12.Nf7+ Ke7 
13.Nxh8 1-0

[Event "HCL-E1451"]
[Site "www.playchess.de"]
[Date "2006.01.13"]
[Round "14"]
[White "PieceSeeker3"]
[Black "UGY"]
[WhiteElo "1485"]
[BlackElo "1808"]
[PlyCount "64"]
[Result "0-1"]

1.e4 c5 2.Nf3 d6 3.c3 Nf6 4.d3 e5 5.Be3 Be7 6.Be2 
Nc6 7.O-O O-O 8.Qc2 d5 9.exd5 Qxd5 10.c4 Qe6 
11.Ng5 Qd7 12.Nc3 Nd4 13.Bxd4 cxd4 14.Nce4 Qf5 
15.a3 Bd7 16.Qd2 Rfe8 17.Ng3 Qg6 18.f4 Bd6 19.fxe5 
Bxe5 20.Nf3 Bxg3 21.hxg3 Qg4 22.Ne5 Qxg3 23.Rf3 
Qxe5 24.Re1 Bg4 25.Rf2 Re7 26.Rf4 Bxe2 27.Rf2 Ng4 
28.Rf4 Qg5 29.g3 Rae8 30.Qb4 R7e3 31.Qxb7 Rxg3+ 
32.Qg2 Qxf4 0-1

[Event "HCL-E1525"]
[Site "www.playchess.de"]
[Date "2006.01.13"]
[Round "9"]
[White "Matu"]
[Black "richard"]
[WhiteElo "1538"]
[BlackElo "1755"]
[PlyCount "60"]
[Result "1/2-1/2"]

1.Nf3 b6 2.b3 Bb7 3.Bb2 e6 4.g3 Nf6 5.Bg2 Be7 
6.O-O O-O 7.e3 c5 8.d4 cxd4 9.Nxd4 Bxg2 10.Kxg2 
Nc6 11.Nxc6 dxc6 12.Nd2 Qd5+ 13.Nf3 Rfd8 14.Qxd5 
Rxd5 15.c4 Rd6 16.Rfd1 Rad8 17.Rxd6 Rxd6 18.Kf1 
Kf8 19.Ke2 Ne4 20.h4 f6 21.Rc1 g5 22.hxg5 fxg5 
23.Rc2 g4 24.Nd2 Nxd2 25.Rxd2 Kf7 26.e4 Rxd2+ 
27.Kxd2 Bf6 28.Bxf6 Kxf6 29.Ke3 Ke5 30.b4 h5 
{(offering draw) I cannot find a win here} 
 1/2-1/2

[Event "HCL-B3819"]
[Site "www.playchess.de"]
[Date "2006.01.13"]
[Round "18"]
[White "WStanEvans"]
[Black "learche"]
[WhiteElo "1181"]
[BlackElo "1423"]
[PlyCount "53"]
[Result "1/2-1/2"]

1.e4 {Greetings!}  e5 {Happy New Year!}  2.f4 
{thanks...same to you!}  exf4 3.Bc4 Qh4+ 4.Kf1 Bc5 
5.d4 Bb6 6.Nf3 Qe7 7.Nc3 g5 8.h4 f6 9.hxg5 fxg5 
10.Ne5 Qg7 11.Qh5+ Ke7 12.Nd5+ Kf8 13.Nxb6 axb6 
14.c3 Nf6 15.Qf7+ Qxf7 16.Nxf7 Nxe4 17.Nxh8 Ng3+ 
18.Kg1 Nxh1 19.Kxh1 b5 20.Bb3 Kg7 21.Nf7 h6 22.Ne5 
d6 23.Nf3 Bf5 24.Bd2 Be4 25.Rf1 d5 26.Ne5 Nc6 
27.Nxc6 {(offering draw)}  1/2-1/2

[Event "HCL-M835"]
[Site "www.playchess.de"]
[Date "2006.01.13"]
[Round "6"]
[White "Schirrmeister"]
[Black "temple"]
[WhiteElo "1816"]
[BlackElo "1766"]
[PlyCount "69"]
[Result "1-0"]

1.e4 {Hello from Darmstadt. Germany. Good luck.}  
d5 {Hello from Calgary,Alberta,Canada,good luck to 
You .}  2.exd5 {Thanks}  Nf6 3.d4 Nxd5 4.c4 Nf6 
5.Nf3 e6 6.Be2 Be7 7.Nc3 O-O 8.O-O Nbd7 9.Bf4 c6 
10.Qc2 Re8 11.Rad1 b6 12.Ne5 Bb7 13.Bf3 Qc8 14.Ne4 
Nxe4 15.Bxe4 f5 16.Bf3 Bf6 17.Rfe1 g6 18.Qa4 Nxe5 
19.Bxe5 Bxe5 20.dxe5 Qc7 21.Rd6 Rac8 22.Red1 Re7 
23.c5 b5 24.Qh4 Rf8 25.Bxc6 Bxc6 26.Rxc6 Qb7 
27.Rcd6 Rff7 28.Qh6 Rf8 29.c6 Qc8 30.h4 Qe8 
31.R6d7 Rxd7 32.Rxd7 Rf7 33.Qd2 Kg7 34.Rxf7+ Qxf7 
35.Qd7 1-0